নতুন ঊষা : (Record no. 54153)
[ view plain ]
| 000 -LEADER | |
|---|---|
| fixed length control field | 00789nam a2200217 a 4500 |
| 001 - CONTROL NUMBER | |
| control field | 54153 |
| 003 - CONTROL NUMBER IDENTIFIER | |
| rucl marc code | BD-RjUL |
| 005 - DATE AND TIME OF LATEST TRANSACTION | |
| control field | 20211209080059.0 |
| 008 - FIXED-LENGTH DATA ELEMENTS--GENERAL INFORMATION | |
| fixed length control field | 161102s1966 bg ||||| |||| 00| 0 ben d |
| 035 ## - SYSTEM CONTROL NUMBER | |
| System control number | (BD-RjUL)54275 |
| 040 ## - CATALOGING SOURCE | |
| Original cataloging agency | BD-RjUL |
| Language of cataloging | ben |
| Transcribing agency | BD-RjUL |
| Modifying agency | BD-RjUL |
| 041 ## - LANGUAGE CODE | |
| Language code of text/sound track or separate title | ben |
| 082 ## - DEWEY DECIMAL CLASSIFICATION NUMBER | |
| Edition number | 23 |
| Classification number | 891.442 |
| Author mark and year | HAN 1966 |
| 100 ## - MAIN ENTRY--PERSONAL NAME | |
| Personal name | হাশেম, আবুল |
| 9 (RLIN) | 161662 |
| 245 10 - TITLE STATEMENT | |
| Title | নতুন ঊষা : |
| Remainder of title | (স্ত্রী-পাঠ বর্জিত কিশোর-নাটক) / |
| Statement of responsibility, etc. | আবুল হাশেম |
| 260 ## - PUBLICATION, DISTRIBUTION, ETC. (IMPRINT) | |
| Place of publication, distribution, etc. | পাবনা : |
| Name of publisher, distributor, etc. | আমার দেশ প্রকাশনী, |
| Date of publication, distribution, etc. | ১৯৬৬. |
| 300 ## - PHYSICAL DESCRIPTION | |
| Pagination | ৪৪ পৃ. ; |
| Size | ১৭ সেমি. |
| 650 ## - SUBJECT ADDED ENTRY--TOPICAL TERM | |
| Topical term or geographic name as entry element | বাংলা নাটক |
| 9 (RLIN) | 161663 |
| Topical term or geographic name as entry element | Bengali Drama |
| 9 (RLIN) | 161664 |
| 942 ## - ADDED ENTRY ELEMENTS (KOHA) | |
| Source of classification or shelving scheme | Dewey Decimal Classification |
| Koha item type | Books |
| Lost status | Source of classification or shelving scheme | Damaged status | Not for loan | Collection code | Permanent Location | Current Location | Shelving location | Date acquired | Source of acquisition | Cost, normal purchase price | Total Checkouts | Full call number | Date last seen | Copy number | Koha item type |
|---|---|---|---|---|---|---|---|---|---|---|---|---|---|---|---|
| Dewey Decimal Classification | Non-fiction | Central Library, University of Rajshahi | Central Library, University of Rajshahi | 09/05/1967 | Amar.... | 1.00 | B 891.442 HAN 1966 | 02/11/2016 | C-2 | Books | |||||
| Dewey Decimal Classification | Non-fiction | Central Library, University of Rajshahi | Central Library, University of Rajshahi | 09/03/1967 | N/A | 1.00 | B 891.442 HAN 1966 | 27/11/2016 | C-3 | Books |